Welcome to the Holygrace Academy Library

Please use search bar below to get started

WAR OF LANKA (Record no. 2546)

MARC details
000 -LEADER
fixed length control field 00590nam a22001457a 4500
020 ## - INTERNATIONAL STANDARD BOOK NUMBER
ISBN 978-93-5629-152-2
082 ## - DEWEY DECIMAL CLASSIFICATION NUMBER
Classification number 823
Item number AMI/W
100 ## - MAIN ENTRY--AUTHOR NAME
Personal name AMISH TRIPATHI
245 ## - TITLE STATEMENT
Title WAR OF LANKA
Remainder of title RAM CHANDRA SERIES BOOK 4
260 ## - PUBLICATION, DISTRIBUTION, ETC. (IMPRINT)
Place of publication GURUGAON
Name of publisher HARPERCOLLINS INDIA
Year of publication 2022
300 ## - PHYSICAL DESCRIPTION
Number of Pages 475
520 ## - SUMMARY, ETC.
Summary, etc "War of Lanka" specifically focuses on the final battle between the forces of Lord Ram and the demon king Ravana, which takes place in the city of Lanka. The book explores themes of good versus evil, loyalty, love, and the importance of duty and honor.
650 ## - SUBJECT ADDED ENTRY--TOPICAL TERM
Topical Term NOVEL
Geographic subdivision INDIA
942 ## - ADDED ENTRY ELEMENTS (KOHA)
Koha item type Books
Holdings
Withdrawn status Lost status Collection code Home library Current library Shelving location Date acquired Source of acquisition Cost, normal purchase price Full call number Accession Number Koha item type
    Fiction Main Library Main Library SHELF-14A -ALPHABETICAL -A--ENGLISH NOVELS & FICTIONS 12/11/2022 purchase 499.00 823 AMI/W 12734 Books